[Event "tm FRA 1st"]
[Site "France"]
[Date "1999.??.??"]
[Round "8"]
[White "Maze, Sebastien"]
[Black "Delebarre, Xavier"]
[Result "1/2-1/2"]
[WhiteElo "2261"]
[BlackElo "2179"]
[Annotator "Paris Caissa-Drancy"]
[PlyCount "82"]
[EventDate "1999.??.??"]

1. e4 c5 2. Nf3 g6 3. g3 Bg7 4. Bg2 Nc6 5. O-O d6 6. h3 e5 7. d3 Nge7 8. Be3
O-O 9. c3 h6 10. Qd2 Kh7 11. d4 b6 12. Na3 Ba6 13. Rfd1 Qc7 14. dxe5 dxe5 15.
Qd7 Qxd7 16. Rxd7 Rad8 17. Rad1 Rxd7 18. Rxd7 Rd8 19. Rxd8 Nxd8 20. Bf1 Bxf1
21. Kxf1 Ndc6 22. Nd2 Nc8 23. Ke2 Bf8 24. Nb5 f6 25. Nc7 g5 26. g4 Kg6 27. Nf1
Bd6 28. Nd5 N8e7 29. Nxe7+ Bxe7 30. b3 h5 31. Ng3 h4 32. Nf5 Bf8 33. Kd3 Na5
34. f3 Kf7 35. Bd2 Ke6 36. Ne3 b5 37. Nd5 Bd6 38. Kc2 Nc6 39. Be1 Ne7 40. c4 b4
41. Bf2 Ng6 1/2-1/2

[Event "tm FRA 1st"]
[Site "France"]
[Date "1999.??.??"]
[Round "8"]
[White "Barakoff, Annie"]
[Black "Chaude de Silans, Chantal"]
[Result "1/2-1/2"]
[WhiteElo "1680"]
[BlackElo "1900"]
[Annotator "Drancy-Paris Caissa"]
[PlyCount "74"]
[EventDate "1999.??.??"]

1. Nf3 Nf6 2. g3 g6 3. Bg2 Bg7 4. O-O Nc6 5. d3 d5 6. Nbd2 Bf5 7. c4 d4 8. Rb1
a5 9. a3 O-O 10. b4 axb4 11. axb4 Ne8 12. b5 Nb8 13. Ng5 Qc8 14. Bb2 e5 15. Ra1
Rxa1 16. Qxa1 Nd6 17. Nge4 Nxe4 18. Nxe4 Bh3 19. f4 Bxg2 20. Kxg2 f6 21. fxe5
fxe5 22. Rxf8+ Bxf8 23. Qf1 Be7 24. Qf3 Qf5 25. e3 c5 26. bxc6 Nxc6 27. exd4
exd4 28. Qxf5 gxf5 29. Nf2 Kf7 30. Kf3 Ke6 31. Kf4 Bf6 32. Nh3 h6 33. Kf3 Nb4
34. Nf4+ Ke5 35. Ng6+ Ke6 36. Nf4+ Ke5 37. Ng6+ Ke6 1/2-1/2

[Event "tm FRA 1st"]
[Site "France"]
[Date "1999.??.??"]
[Round "8"]
[White "Khenkin, Igor"]
[Black "Summerscale, Aaron"]
[Result "1-0"]
[WhiteElo "2641"]
[BlackElo "2440"]
[Annotator "Nancy-Avignon"]
[PlyCount "63"]
[EventDate "1999.??.??"]

1. d4 d6 2. Nf3 Bg4 3. c4 Nd7 4. e4 e5 5. d5 Be7 6. Bd3 Bxf3 7. Qxf3 Bg5 8.
Bxg5 Qxg5 9. Nc3 a5 10. h4 Qe7 11. h5 Ngf6 12. Ne2 Nc5 13. Bc2 Nfd7 14. Qe3 O-O
15. Ng3 g6 16. Rh3 Qf6 17. Ne2 Rfb8 18. O-O-O b5 19. Rdh1 bxc4 20. hxg6 hxg6
21. g4 Qg7 22. g5 f6 23. Rh8+ Qxh8 24. Rxh8+ Kxh8 25. Qh3+ Kg8 26. Qh6 fxg5 27.
Qxg6+ Kh8 28. Qh6+ Kg8 29. Qxg5+ Kh8 30. Ng3 Nf8 31. Qf6+ Kh7 32. Nf5 1-0

[Event "tm FRA 1st"]
[Site "France"]
[Date "1999.??.??"]
[Round "8"]
[White "Gachon, Lionel"]
[Black "Turner, Matthew"]
[Result "0-1"]
[WhiteElo "2285"]
[BlackElo "2463"]
[Annotator "Avignon-Nancy"]
[PlyCount "80"]
[EventDate "1999.??.??"]

1. e4 c5 2. c3 d5 3. exd5 Qxd5 4. d4 Nf6 5. Nf3 Nc6 6. Be2 cxd4 7. cxd4 e6 8.
O-O Be7 9. Nc3 Qd6 10. Nb5 Qd8 11. Bf4 Nd5 12. Bg3 a6 13. Nc3 O-O 14. Rc1 Nf6
15. a3 b6 16. Na4 Bb7 17. Qb3 Nd5 18. Rfd1 Rc8 19. Nc3 Na5 20. Qa2 Nxc3 21.
bxc3 b5 22. Ne5 Bd5 23. Qb2 f6 24. Nf3 Nc4 25. Bxc4 Rxc4 26. Nd2 Ra4 27. Nb1
Qa5 28. Qe2 Rc8 29. Bf4 Bxa3 30. Nxa3 Rxa3 31. Bd2 Qb6 32. Qg4 Rc4 33. Bh6 Qc7
34. Rd3 b4 35. Rg3 g6 36. Re1 Raxc3 37. f3 Qb6 38. Rd1 e5 39. Qd7 Bf7 40. Qe7
Rc8 0-1

[Event "tm FRA 1st"]
[Site "France"]
[Date "1999.??.??"]
[Round "8"]
[White "Arkell, Keith"]
[Black "Weill, Roland"]
[Result "1-0"]
[WhiteElo "2438"]
[BlackElo "2217"]
[Annotator "Nancy-Avignon"]
[PlyCount "73"]
[EventDate "1999.??.??"]

1. d4 d6 2. g3 g6 3. Bg2 Bg7 4. Nf3 Nd7 5. O-O e5 6. c4 Ne7 7. e4 O-O 8. Nc3
exd4 9. Nxd4 Nc6 10. Nde2 Nc5 11. Be3 a5 12. Qd2 Ne5 13. b3 Bh3 14. Bh6 Bxg2
15. Kxg2 a4 16. Bxg7 Kxg7 17. f4 Nc6 18. f5 axb3 19. f6+ Kh8 20. Qh6 Rg8 21.
Nd5 Rxa2 22. Rxa2 bxa2 23. Nec3 Qe8 24. Qe3 Qe5 25. Ra1 Nd7 26. Rxa2 Nxf6 27.
Qf3 Nxd5 28. exd5 Nd4 29. Qd3 Kg7 30. g4 h5 31. Rd2 Nb3 32. Re2 Qf4 33. Ne4 Nc5
34. Qc3+ Kf8 35. Nf6 Ne6 36. dxe6 fxe6 37. Rf2 1-0

[Event "tm FRA 1st"]
[Site "France"]
[Date "1999.??.??"]
[Round "8"]
[White "Nezar, Mustapha"]
[Black "Verdier, Patrice"]
[Result "1-0"]
[WhiteElo "2275"]
[BlackElo "2276"]
[Annotator "Nancy-Avignon"]
[PlyCount "99"]
[EventDate "1999.??.??"]

1. c4 Nf6 2. Nc3 e5 3. g3 d5 4. cxd5 Nxd5 5. Bg2 Nb6 6. d3 Be7 7. Nf3 Nc6 8. a3
a5 9. O-O O-O 10. Be3 Be6 11. Rc1 f5 12. Nb5 a4 13. Nd2 Ra5 14. Nc3 Nd5 15.
Bxd5 Bxd5 16. Nxa4 Nd4 17. Nc3 Bc6 18. Nc4 Rd5 19. Nxd5 Qxd5 20. f3 g5 21. Nd2
h5 22. Kg2 g4 23. Rf2 Bc5 24. Rxc5 Qxc5 25. Nb3 Qb6 26. Nxd4 exd4 27. Bc1 Bd5
28. b4 Rf7 29. Qd2 f4 30. Qd1 gxf3+ 31. exf3 Qg6 32. Qe2 h4 33. Qe8+ Kh7 34.
Bxf4 Qxd3 35. Qe5 c6 36. Qh5+ Kg8 37. Qg4+ Rg7 38. Qxh4 Qf5 39. Bh6 Rg6 40. Bd2
d3 41. Bc3 Re6 42. Qd4 Kf7 43. g4 Qg6 44. h4 b5 45. h5 Qg5 46. Kg3 Qc1 47. Qxd3
Re3 48. Qf5+ Ke8 49. Bd2 Qg1+ 50. Rg2 1-0

[Event "tm FRA 1st"]
[Site "France"]
[Date "1999.??.??"]
[Round "8"]
[White "Zawadski, Stephane"]
[Black "Blachier, Pierre"]
[Result "1/2-1/2"]
[WhiteElo "2200"]
[BlackElo "2135"]
[Annotator "Nancy-Avignon"]
[PlyCount "82"]
[EventDate "1999.??.??"]

1. d4 Nf6 2. c4 d6 3. Nc3 g6 4. e4 Bg7 5. f3 O-O 6. Nge2 a6 7. Be3 Nc6 8. Qd2
Rb8 9. Nc1 e5 10. Nb3 exd4 11. Nxd4 Nxd4 12. Bxd4 c5 13. Be3 Be6 14. Be2 Qa5
15. O-O Qb4 16. Rab1 Rfd8 17. Rfd1 Bxc4 18. a3 Qb3 19. e5 Ne8 20. Bxc4 Qxc4 21.
f4 Qe6 22. Bf2 f6 23. exf6 Nxf6 24. Re1 Qf7 25. h3 b5 26. b3 b4 27. axb4 cxb4
28. Ne4 Nxe4 29. Rxe4 Qf5 30. Qd3 d5 31. Re3 Qxd3 32. Rxd3 Rbc8 33. Bb6 Rd6 34.
Bd4 Bxd4+ 35. Rxd4 a5 36. Kf2 Rc3 37. Ra1 Rc5 38. g4 Kf7 39. Kg3 h6 40. g5 h5
41. Kh4 Rd8 1/2-1/2

[Event "tm FRA 1st"]
[Site "France"]
[Date "1999.??.??"]
[Round "8"]
[White "Salus, Stephane"]
[Black "Adrian, Claude"]
[Result "0-1"]
[WhiteElo "2237"]
[BlackElo "2309"]
[Annotator "Avignon-Nancy"]
[PlyCount "52"]
[EventDate "1999.??.??"]

1. d4 Nf6 2. c4 c5 3. d5 b5 4. cxb5 a6 5. bxa6 g6 6. Nc3 Bxa6 7. e4 Bxf1 8.
Kxf1 d6 9. g4 Bg7 10. g5 Nh5 11. Kg2 Qc8 12. Nge2 Qg4+ 13. Ng3 Nf4+ 14. Bxf4
Qxf4 15. Qc1 Qh4 16. f4 h6 17. gxh6 Bxh6 18. Nce2 Nd7 19. Qf1 Bg7 20. e5 dxe5
21. f5 e4 22. fxg6 fxg6 23. Nf4 Bxb2 24. Re1 Be5 25. Rxe4 Rxa2+ 26. Nfe2 Qh3+
0-1

[Event "tm FRA 1st"]
[Site "France"]
[Date "1999.??.??"]
[Round "8"]
[White "Franc, Nathalie"]
[Black "Piquemal, Christiane"]
[Result "1-0"]
[WhiteElo "1940"]
[BlackElo "2050"]
[Annotator "Nancy-Avignon"]
[PlyCount "57"]
[EventDate "1999.??.??"]

1. e4 c5 2. Nf3 d6 3. d4 cxd4 4. Nxd4 Nf6 5. Nc3 a6 6. Bc4 e6 7. a4 Qc7 8. Ba2
Be7 9. O-O O-O 10. Kh1 b6 11. Nde2 Bb7 12. Ng3 Nbd7 13. f4 Rac8 14. Qe2 Rfe8
15. Be3 Qc6 16. Bg1 b5 17. axb5 axb5 18. f5 exf5 19. Nxf5 Bf8 20. Qxb5 Qxb5 21.
Nxb5 Rxc2 22. Nbxd6 Bxd6 23. Nxd6 Rb8 24. Ba7 Bxe4 25. Nxe4 Rbxb2 26. Nxf6+
Nxf6 27. Rfd1 Kf8 28. Bb1 Rxg2 29. Bc5+ 1-0

[Event "tm FRA 1st"]
[Site "France"]
[Date "1999.??.??"]
[Round "8"]
[White "Kallai, Gabor"]
[Black "Hodgson, Julian"]
[Result "0-1"]
[WhiteElo "2525"]
[BlackElo "2565"]
[Annotator "Strasbourg-Le Mans"]
[PlyCount "68"]
[EventDate "1999.??.??"]

1. d4 d6 2. c4 e5 3. e3 Nd7 4. Nc3 Ngf6 5. Nf3 c6 6. Be2 Be7 7. O-O O-O 8. Rb1
e4 9. Nd2 d5 10. b4 Re8 11. b5 c5 12. cxd5 cxd4 13. exd4 Bd6 14. Nc4 Nb6 15.
Nxd6 Qxd6 16. Qb3 Nfxd5 17. Ba3 Qd8 18. Nxd5 Nxd5 19. Bc4 Be6 20. Rfe1 Nf4 21.
Rxe4 Bxc4 22. Rxe8+ Qxe8 23. Qxc4 Qe4 24. Qf1 Nxg2 25. Rb3 Nf4 26. Re3 Qxd4 27.
Qe1 Qd7 28. f3 Qxb5 29. Re5 Qb6+ 30. Kh1 Ne6 31. Bc1 Qc6 32. Kg2 Rc8 33. Be3
Qc2+ 34. Kg3 Qg6+ 0-1

[Event "tm FRA 1st"]
[Site "France"]
[Date "1999.??.??"]
[Round "8"]
[White "Kozakov, Mikhail"]
[Black "Szabolcsi, Janos"]
[Result "1-0"]
[WhiteElo "2420"]
[BlackElo "2448"]
[Annotator "Le Mans-Strasbourg"]
[PlyCount "87"]
[EventDate "1999.??.??"]

1. e4 c5 2. Nf3 Nc6 3. d4 cxd4 4. Nxd4 d5 5. exd5 Qxd5 6. Be3 e6 7. Nc3 Bb4 8.
Be2 Nge7 9. O-O Bxc3 10. bxc3 O-O 11. Bf3 Qa5 12. Nxc6 Nxc6 13. Bxc6 bxc6 14.
Qd4 Rd8 15. Qc5 Qxc5 16. Bxc5 Ba6 17. Rfb1 h5 18. Rb4 Rd2 19. Rc1 Rd5 20. Be3
Ra5 21. a4 c5 22. Rh4 g6 23. Rb1 Kg7 24. Re4 Rd8 25. h4 Be2 26. Rb7 Bg4 27. Rc4
Rd5 28. f3 Bf5 29. g4 Bxc2 30. Rf4 Bf5 31. gxf5 Rxf5 32. Rc4 Rxf3 33. Bxc5 Rg3+
34. Kf2 Rg4 35. Rxg4 hxg4 36. Bd4+ e5 37. Rxa7 Rd5 38. Bb6 Kf8 39. a5 f5 40. a6
f4 41. Ra8+ Kf7 42. a7 g3+ 43. Kf3 Rd3+ 44. Ke4 1-0

[Event "tm FRA 1st"]
[Site "France"]
[Date "1999.??.??"]
[Round "8"]
[White "Roos, Daniel"]
[Black "Sulypa, Alexandre"]
[Result "1/2-1/2"]
[WhiteElo "2425"]
[BlackElo "2424"]
[Annotator "Strasbourg-Le Mans"]
[PlyCount "92"]
[EventDate "1999.??.??"]

1. d4 d5 2. Bf4 c5 3. c3 Nc6 4. e3 Nf6 5. Nd2 e6 6. Ngf3 Bd6 7. Bg3 O-O 8. Bd3
Qe7 9. dxc5 Bxc5 10. O-O Rd8 11. Qc2 e5 12. e4 d4 13. c4 Nb4 14. Qb1 Nxd3 15.
Qxd3 Nd7 16. Ne1 Bb4 17. Rd1 Nc5 18. Qe2 a5 19. Nd3 f6 20. f4 Nxd3 21. Qxd3
exf4 22. Bxf4 Be6 23. Nf3 Rac8 24. b3 b5 25. cxb5 Rc3 26. Qb1 Qc5 27. Kh1 Bg4
28. Bd2 Bxf3 29. Rxf3 Rxf3 30. gxf3 Qxb5 31. Bxb4 axb4 32. Qd3 Qc5 33. Qc4+
Qxc4 34. bxc4 Kf7 35. Kg2 Ke6 36. f4 Ra8 37. Rxd4 Rxa2+ 38. Kg3 Rc2 39. c5 b3
40. Rb4 b2 41. Rb6+ Kd7 42. h3 g6 43. e5 fxe5 44. fxe5 Rxc5 45. Rxb2 Ke6 46.
Rb7 Rc3+ 1/2-1/2

[Event "tm FRA 1st"]
[Site "France"]
[Date "1999.??.??"]
[Round "8"]
[White "Marcelin, Cyril"]
[Black "Roos, Louis"]
[Result "1-0"]
[WhiteElo "2383"]
[BlackElo "2388"]
[Annotator "Le Mans-Strasbourg"]
[PlyCount "79"]
[EventDate "1999.??.??"]

1. e4 e6 2. d4 d5 3. Nd2 Nf6 4. e5 Nfd7 5. Bd3 c5 6. c3 Nc6 7. Ngf3 Be7 8. O-O
cxd4 9. cxd4 a5 10. b3 Qb6 11. Bb2 a4 12. Bc3 Qa7 13. Qe2 Nb6 14. h4 Bd7 15.
Rfc1 h6 16. Nf1 Qb8 17. Ng3 Qd8 18. h5 O-O 19. Bc2 f5 20. exf6 Bxf6 21. Qd3 Kf7
22. Qg6+ Kg8 23. Qh7+ Kf7 24. Re1 Rg8 25. Re3 axb3 26. Bxb3 Rh8 27. Qg6+ Kg8
28. Rae1 Be8 29. Qd3 Bf7 30. Nh2 Nc4 31. R3e2 Nd6 32. Ng4 Ne8 33. f4 Qd7 34. f5
exf5 35. Nxf5 Bg5 36. Ne5 Nxe5 37. dxe5 Bxh5 38. Bxd5+ Kh7 39. Nxg7+ Kxg7 40.
e6+ 1-0

[Event "tm FRA 1st"]
[Site "France"]
[Date "1999.??.??"]
[Round "8"]
[White "Roos, Jean-Luc"]
[Black "Berthelot, Yannick"]
[Result "1/2-1/2"]
[WhiteElo "2321"]
[BlackElo "2327"]
[Annotator "Strasbourg-Le Mans"]
[PlyCount "92"]
[EventDate "1999.??.??"]

1. e4 c5 2. Nc3 Nc6 3. g3 g6 4. Bg2 Bg7 5. d3 d6 6. f4 e5 7. Nh3 exf4 8. Bxf4
Nge7 9. O-O h6 10. Be3 Ne5 11. Kh1 g5 12. Qd2 O-O 13. Rae1 Be6 14. b3 Ng4 15.
Nd1 Nxe3 16. Nxe3 Qd7 17. Nf2 f5 18. exf5 Nxf5 19. Nxf5 Bxf5 20. Bd5+ Kh8 21.
c4 Rae8 22. Rxe8 Rxe8 23. Ne4 Rf8 24. Qe1 b6 25. Rf3 Qe7 26. Qf1 Bg4 27. Rxf8+
Qxf8 28. Qxf8+ Bxf8 29. Nc3 Kg7 30. Kg2 Kf6 31. h3 Bd7 32. g4 Ke5 33. Ne2 b5
34. Kf3 b4 35. Ke3 h5 36. Bf3 h4 37. Bd5 a5 38. d4+ Kf6 39. Be4 a4 40. Ng1 Bg7
41. Nf3 a3 42. Kd3 Be8 43. Nd2 Ke7 44. dxc5 dxc5 45. Bf5 Bc6 46. Ne4 Bxe4+
1/2-1/2

[Event "tm FRA 1st"]
[Site "France"]
[Date "1999.??.??"]
[Round "8"]
[White "Karr, Jean-Philippe"]
[Black "Maier, Christian"]
[Result "1-0"]
[WhiteElo "2353"]
[BlackElo "2347"]
[Annotator "Le Mans-Strasbourg"]
[PlyCount "69"]
[EventDate "1999.??.??"]

1. d4 Nf6 2. c4 g6 3. Nc3 Bg7 4. e4 d6 5. Nf3 O-O 6. Be2 e5 7. O-O Nc6 8. d5
Ne7 9. b4 Nd7 10. Nd2 f5 11. f3 Rf7 12. c5 Nf6 13. Nc4 f4 14. Ba3 g5 15. b5 Ne8
16. b6 cxb6 17. Nxd6 Nxd6 18. cxd6 Ng6 19. Nb5 Bd7 20. Nc7 Rc8 21. Qb3 Qf6 22.
Bb5 Nf8 23. Rac1 g4 24. Bxd7 Nxd7 25. Ne6 Nc5 26. Qb5 Bf8 27. Bxc5 bxc5 28.
Rxc5 Rb8 29. Rfc1 Bxd6 30. Rc8+ Rxc8 31. Rxc8+ Bf8 32. Qe8 h5 33. d6 Qh4 34.
Rc1 gxf3 35. gxf3 1-0

[Event "tm FRA 1st"]
[Site "France"]
[Date "1999.??.??"]
[Round "8"]
[White "Blot, Jerome"]
[Black "Harovelo, Ingmar"]
[Result "1-0"]
[WhiteElo "2253"]
[BlackElo "2295"]
[Annotator "Le Mans-Strasbourg"]
[PlyCount "131"]
[EventDate "1999.??.??"]

1. d4 Nf6 2. c4 e6 3. Nf3 b6 4. g3 Ba6 5. Nbd2 c5 6. Bg2 Bb7 7. O-O cxd4 8. Nb3
Be7 9. Nbxd4 a6 10. b3 O-O 11. Bb2 d6 12. Nd2 Bxg2 13. Kxg2 Qc8 14. e4 Qb7 15.
Qe2 Nbd7 16. f3 Rfc8 17. Nb1 Ne8 18. Nc3 Bf6 19. Rfd1 Nc7 20. Rd2 Rab8 21. Rc1
b5 22. cxb5 Nxb5 23. Ncxb5 Rxc1 24. Nxd6 Qb4 25. Bxc1 Bxd4 26. Ba3 Qb6 27. Nc4
Qa7 28. Qd1 e5 29. Nxe5 Nxe5 30. Rxd4 h6 31. Bd6 Re8 32. Bxe5 Rxe5 33. Rd8+ Kh7
34. Rd7 Qe3 35. Qd2 Qb6 36. Rxf7 Rc5 37. Qd7 Rc2+ 38. Kh3 Qg6 39. Qf5 Qxf5+ 40.
exf5 Kg8 41. Ra7 Rxa2 42. Kg4 Ra5 43. b4 Rb5 44. Rxa6 Rxb4+ 45. Kh5 Kf7 46. f4
Rb2 47. h3 Rb3 48. Kg4 Rc3 49. Rg6 Rc5 50. h4 Ra5 51. h5 Rb5 52. f6 gxf6 53.
Rxh6 Kg7 54. Rg6+ Kf7 55. Kh4 Ra5 56. g4 Ra4 57. f5 Ra1 58. h6 Rh1+ 59. Kg3
Rg1+ 60. Kh2 Ra1 61. Rg7+ Kf8 62. Rb7 Kg8 63. Rb6 Kf7 64. h7 Kg7 65. Rxf6 Kxh7
66. Kg3 1-0

[Event "tm FRA 1st"]
[Site "France"]
[Date "1999.??.??"]
[Round "8"]
[White "Chapelle, Emilie"]
[Black "Dacalor, Aurelie"]
[Result "1/2-1/2"]
[WhiteElo "2011"]
[BlackElo "2105"]
[Annotator "Strasbourg-Le Mans"]
[PlyCount "139"]
[EventDate "1999.??.??"]

1. d4 g6 2. c4 Bg7 3. Nc3 f5 4. Bg5 Nf6 5. Nf3 O-O 6. e3 e6 7. Be2 d6 8. Qc2
Qe7 9. h4 h6 10. Bxf6 Qxf6 11. O-O-O a6 12. Rdg1 e5 13. Nd5 Qf7 14. Qb3 Nc6 15.
dxe5 dxe5 16. Nd2 Rb8 17. g4 f4 18. Bd3 b5 19. Qc2 bxc4 20. Bxc4 Be6 21. Nxc7
Bxc4 22. Qxc4 Qxc4+ 23. Nxc4 Nb4 24. b3 Nd3+ 25. Kd2 Nxf2 26. Rh2 Ne4+ 27. Kc2
Nc5 28. exf4 exf4 29. Nd5 g5 30. Ne7+ Kf7 31. Nf5 Rfd8 32. Re1 Bf8 33. Ne5+ Kf6
34. Nc6 Nd3 35. hxg5+ hxg5 36. Re4 Rbc8 37. Rc4 Rd5 38. Nfd4 Ne5 39. Nxe5 Rxc4+
40. Nxc4 Rxd4 41. Re2 Bc5 42. Rd2 f3 43. Rxd4 Bxd4 44. Kd3 f2 45. Ke2 Ke6 46.
Nd2 Kd5 47. Nf3 Be3 48. a3 Ke4 49. Nh2 Kf4 50. b4 Bb6 51. Nf1 Kxg4 52. a4 Kf4
53. b5 axb5 54. axb5 g4 55. Nd2 Kg3 56. Kf1 Kh2 57. Nf3+ Kg3 58. Nd2 Kh3 59.
Nf3 g3 60. Ng5+ Kg4 61. Nf3 Kf5 62. Nd2 Be3 63. Nf3 Ke6 64. Nh4 Kd5 65. Nf5 Bf4
66. b6 Bb8 67. Ne3+ Ke5 68. Nd1 Kd4 69. Nxf2 Ke3 70. Nh1 1/2-1/2

[Event "tm FRA 1st"]
[Site "France"]
[Date "1999.??.??"]
[Round "9"]
[White "Piket, Jeroen"]
[Black "Pelletier, Yannick"]
[Result "1-0"]
[WhiteElo "2483"]
[BlackElo "2609"]
[Annotator "Monaco-Mulhouse"]
[PlyCount "77"]
[EventDate "1999.??.??"]

1. d4 d5 2. c4 c6 3. Nf3 Nf6 4. Nc3 dxc4 5. a4 Bf5 6. e3 e6 7. Bxc4 Bb4 8. O-O
O-O 9. Qe2 Ne4 10. Bd3 Bxc3 11. Bxe4 Bb4 12. Bc2 Bxc2 13. Qxc2 c5 14. Rd1 Nc6
15. b3 cxd4 16. Bb2 Qa5 17. Nxd4 Nxd4 18. Rxd4 Rac8 19. Qe4 Bc3 20. b4 Qb6 21.
Bxc3 Rxc3 22. Rd7 Rfc8 23. h3 R3c6 24. Rad1 g6 25. Qf4 Rf8 26. Re7 e5 27. Qe4
a6 28. a5 Qb5 29. Rdd7 b6 30. Rb7 Rc1+ 31. Kh2 Qe2 32. Qh4 Rf1 33. axb6 Rxf2
34. Qg3 Rf5 35. Rxe5 Rf6 36. Rd5 Re6 37. Rb8 Rxe3 38. Rxf8+ Kxf8 39. b7 1-0

[Event "tm FRA 1st"]
[Site "France"]
[Date "1999.??.??"]
[Round "9"]
[White "Sokolov, Andrei"]
[Black "Marciano, David"]
[Result "1/2-1/2"]
[WhiteElo "2567"]
[BlackElo "2521"]
[Annotator "Mulhouse-Monaco"]
[PlyCount "35"]
[EventDate "1999.??.??"]

1. e4 e5 2. Nf3 Nf6 3. Nxe5 d6 4. Nf3 Nxe4 5. d4 d5 6. Bd3 Nc6 7. O-O Be7 8.
Re1 Bg4 9. c4 Nf6 10. cxd5 Bxf3 11. Qxf3 Qxd5 12. Qxd5 Nxd5 13. Nc3 Ndb4 14.
Be4 Nxd4 15. Be3 Ndc2 16. a3 Nxe1 17. Rxe1 O-O-O 18. axb4 1/2-1/2

[Event "tm FRA 1st"]
[Site "France"]
[Date "1999.??.??"]
[Round "9"]
[White "Popovic, Petar"]
[Black "Miralles, Gilles"]
[Result "1-0"]
[WhiteElo "2482"]
[BlackElo "2491"]
[Annotator "Mulhouse-Monaco"]
[PlyCount "80"]
[EventDate "1999.??.??"]

1. e4 c5 2. Nf3 Nc6 3. d4 cxd4 4. Nxd4 g6 5. c4 Bg7 6. Be3 Nf6 7. Nc3 d6 8. Be2
O-O 9. O-O Bd7 10. f3 a6 11. Nb3 Be6 12. Qd2 Na5 13. Nd5 Nxb3 14. axb3 Bxd5 15.
exd5 Re8 16. Rfd1 e6 17. dxe6 Rxe6 18. Bf1 Nd7 19. b4 Qe8 20. Bf2 Ne5 21. Ra5
Qf8 22. Rd5 Bh6 23. Qd4 Rae8 24. b5 axb5 25. cxb5 Rf6 26. Kh1 Rf4 27. Qb6 Rb4
28. Rxd6 Bg5 29. Bc5 Nc4 30. Bxc4 Rxc4 31. Rxg6+ hxg6 32. Bxf8 Kxf8 33. Qxb7
Rc2 34. f4 Bxf4 35. Qf3 g5 36. g3 Be5 37. Rd7 f6 38. Qh5 Rc1+ 39. Kg2 Rc2+ 40.
Kh3 g4+ 1-0

[Event "tm FRA 1st"]
[Site "France"]
[Date "1999.??.??"]
[Round "9"]
[White "Rotstein, Arkadij"]
[Black "Marzolo, Cyril"]
[Result "1-0"]
[WhiteElo "2493"]
[BlackElo "2435"]
[Annotator "Monaco-Mulhouse"]
[PlyCount "76"]
[EventDate "1999.??.??"]

1. Nf3 d5 2. b3 Bg4 3. Ne5 Bf5 4. e3 Nd7 5. Nxd7 Qxd7 6. Bb2 O-O-O 7. Be2 f6 8.
O-O e5 9. d4 exd4 10. Qxd4 c5 11. Qd2 Ne7 12. Rd1 Nc6 13. a4 a6 14. a5 Nb4 15.
Na3 Nc6 16. Bf3 Bg4 17. Qe2 Bxf3 18. Qxf3 Nxa5 19. Nc4 Nxc4 20. bxc4 Qc7 21.
cxd5 Bd6 22. g3 h5 23. Bc3 Be5 24. Bxe5 Qxe5 25. Rab1 Rd6 26. e4 Rd7 27. Qe3
Qd6 28. c4 h4 29. g4 g5 30. Rb3 b6 31. Rdb1 Rb7 32. Qf3 Re8 33. Qf5+ Kb8 34.
Qg6 Rf8 35. Rf3 Ka7 36. Rf5 Re7 37. e5 Qd8 38. Rxf6 Rxe5 1-0

[Event "tm FRA 1st"]
[Site "France"]
[Date "1999.??.??"]
[Round "9"]
[White "Riff, Sebastien"]
[Black "Atlas, Valeri"]
[Result "0-1"]
[WhiteElo "2225"]
[BlackElo "2457"]
[Annotator "Mulhouse-Monaco"]
[PlyCount "96"]
[EventDate "1999.??.??"]

1. e4 c5 2. Nc3 e6 3. Nf3 d6 4. d4 cxd4 5. Nxd4 Nf6 6. g4 h6 7. h4 Be7 8. g5
hxg5 9. Bxg5 Nc6 10. Qd2 Qb6 11. Nb3 a6 12. Be2 Qc7 13. O-O-O Bd7 14. h5 O-O-O
15. Rdg1 Rh7 16. Qf4 Rdh8 17. h6 Qd8 18. Bf3 Ne5 19. hxg7 Rxg7 20. Rxh8 Qxh8
21. Rh1 Qd8 22. Be2 Nd5 23. Bxe7 Nxf4 24. Bxd8 Kxd8 25. Bf1 Rg6 26. Kd2 Rf6 27.
Nd4 Nfg6 28. Nd1 Rf4 29. Bd3 Kc7 30. Ke3 Ng4+ 31. Ke2 d5 32. f3 dxe4 33. fxe4
Bc6 34. Nxc6 Kxc6 35. Kd2 N6e5 36. Rh8 Nf3+ 37. Ke2 Ng5 38. Nc3 Rf2+ 39. Kd1
Nf3 40. Kc1 Nge5 41. Rh3 Kc5 42. Nd1 Rg2 43. Bf1 Rh2 44. Rg3 Kd4 45. Bd3 Nxd3+
46. cxd3 Ne5 47. Rg7 Nxd3+ 48. Kb1 Rd2 0-1

[Event "tm FRA 1st"]
[Site "France"]
[Date "1999.??.??"]
[Round "9"]
[White "Lanzani, Mario"]
[Black "Roser, Kevin"]
[Result "1-0"]
[WhiteElo "2393"]
[BlackElo "2319"]
[Annotator "Monaco-Mulhouse"]
[PlyCount "89"]
[EventDate "1999.??.??"]

1. e4 c5 2. Nf3 Nc6 3. d4 cxd4 4. Nxd4 Nf6 5. Nc3 d6 6. Be2 e6 7. O-O Be7 8.
Be3 O-O 9. f4 Bd7 10. Nb3 a6 11. a4 Rc8 12. a5 Qc7 13. g4 d5 14. e5 Ne8 15. Bb6
Qb8 16. Na4 f6 17. Nac5 Bxc5+ 18. Nxc5 Rf7 19. f5 Qxe5 20. Bf3 Qd4+ 21. Kh1
Qxd1 22. Raxd1 Nd8 23. fxe6 Nxe6 24. Nxd7 Rxd7 25. Bxd5 Rd6 26. Rfe1 Rcc6 27.
Bxc6 Rxc6 28. Rd7 g6 29. Rxb7 N8g7 30. c3 h5 31. gxh5 Nxh5 32. Bd4 Kf8 33. Rb6
Nxd4 34. cxd4 Rc2 35. d5 Rd2 36. b4 Kg7 37. Rf1 g5 38. Rxa6 g4 39. Rc6 Kh6 40.
Rcxf6+ Nxf6 41. Rxf6+ Kg5 42. Rf1 Kh4 43. Ra1 Rxd5 44. a6 g3 45. a7 1-0

[Event "tm FRA 1st"]
[Site "France"]
[Date "1999.??.??"]
[Round "9"]
[White "Muller, Anne"]
[Black "Lebel, Julia"]
[Result "1-0"]
[WhiteElo "2110"]
[BlackElo "2073"]
[Annotator "Mulhouse-Monaco"]
[PlyCount "55"]
[EventDate "1999.??.??"]

1. e4 b6 2. d4 Bb7 3. Bd3 e6 4. Nf3 Nf6 5. Qe2 d6 6. O-O Be7 7. Nbd2 Nbd7 8.
Re1 h6 9. c3 Qc8 10. e5 dxe5 11. dxe5 Nd5 12. Ne4 Nc5 13. Bb1 Nxe4 14. Bxe4 O-O
15. c4 Nb4 16. Bb1 f5 17. exf6 Rxf6 18. Ne5 Bc5 19. Be3 Bxe3 20. Qxe3 Qe8 21.
a3 Nc6 22. Ng4 Rf8 23. Qe4 Rf5 24. Ne3 Re5 25. Qh7+ Kf8 26. Bg6 Qd7 27. Qh8+
Ke7 28. Qxg7+ 1-0

[Event "tm FRA 1st"]
[Site "France"]
[Date "1999.??.??"]
[Round "9"]
[White "Lautier-Skripchenko, Almira"]
[Black "Pinter, Jozsef"]
[Result "0-1"]
[WhiteElo "2414"]
[BlackElo "2581"]
[Annotator "Noyon-Montpellier"]
[PlyCount "70"]
[EventDate "1999.??.??"]

1. e4 e5 2. Nf3 Nc6 3. Bc4 Bc5 4. c3 Nf6 5. d3 d6 6. Nbd2 a6 7. Bb3 Ba7 8. O-O
O-O 9. Re1 Ng4 10. Re2 Kh8 11. h3 Nh6 12. g4 f6 13. Nf1 Nf7 14. Kg2 Ng5 15. Nh4
Ne6 16. Be3 g6 17. Qd2 Bxe3 18. fxe3 Nc5 19. Ng3 f5 20. Nhxf5 gxf5 21. exf5 e4
22. d4 Nxb3 23. axb3 d5 24. c4 a5 25. Kh2 b6 26. Rg2 Qd6 27. Qc3 Nb4 28. Rf1
Bd7 29. c5 bxc5 30. dxc5+ Qf6 31. Qxf6+ Rxf6 32. g5 Rf7 33. f6 Nd3 34. h4 Ne5
35. c6 Nf3+ 0-1

[Event "tm FRA 1st"]
[Site "France"]
[Date "1999.??.??"]
[Round "9"]
[White "Hamdouchi, Hichem"]
[Black "Bezold, Michael"]
[Result "1-0"]
[WhiteElo "2564"]
[BlackElo "2503"]
[Annotator "Montpellier-Noyon"]
[PlyCount "73"]
[EventDate "1999.??.??"]

1. e4 e6 2. d3 c5 3. g3 Nc6 4. Bg2 g6 5. Nc3 Bg7 6. Be3 d6 7. Qd2 Nge7 8. Bh6
O-O 9. h4 Bxh6 10. Qxh6 f6 11. Qd2 e5 12. f4 h5 13. Nf3 Kg7 14. O-O Nd4 15. Rf2
Be6 16. Raf1 Qd7 17. Nh2 Rad8 18. Nd1 exf4 19. Rxf4 d5 20. Nc3 b6 21. Re1 Ndc6
22. exd5 Nxd5 23. Bxd5 Bxd5 24. g4 hxg4 25. Nxg4 f5 26. Ne3 Be6 27. Qg2 Rh8 28.
Ne2 Rh6 29. Ng3 Kh7 30. Ref1 Ne5 31. Qe2 Re8 32. Qd2 Qc6 33. Qc3 Bc8 34. Ne4
Bb7 35. Ng4 fxg4 36. Rf7+ Kh8 37. Qxe5+ 1-0

[Event "tm FRA 1st"]
[Site "France"]
[Date "1999.??.??"]
[Round "9"]
[White "Afek, Yochanan"]
[Black "Prie, Eric"]
[Result "0-1"]
[WhiteElo "2362"]
[BlackElo "2467"]
[Annotator "Noyon-Montpellier"]
[PlyCount "56"]
[EventDate "1999.??.??"]

1. e4 c5 2. Nf3 g6 3. d4 cxd4 4. Nxd4 Nc6 5. Nc3 Bg7 6. Be3 Nf6 7. Bc4 O-O 8.
Bb3 d6 9. h3 Bd7 10. O-O Rc8 11. f4 a6 12. Qf3 b5 13. Rad1 b4 14. Nce2 Qc7 15.
g4 a5 16. g5 Nh5 17. Nxc6 Bxc6 18. Nd4 a4 19. Bd5 Bxd4 20. Rxd4 Bb5 21. Rf2 e6
22. Rxb4 Qa5 23. c3 exd5 24. exd5 Bc4 25. Rd2 Bxa2 26. f5 a3 27. Bb6 Qa6 28.
Bd4 Bxd5 0-1